000
00232 a2200097 4500
001
53103
100
_a
Harrington S
245
_a
Computer Graphic A Programme Approach
260
_a
New York
_b
McGraw-Hill
_c
090
_c
33390
_d
33390
942
_a
NUST-CAE
_c
M
_c
25992
999
_c
288176
_d
288176